000 00599nam a22002417a 4500
003 UA-OsUOA
001 67836
007 ta
008 20100316b un ||||| |||| 00| 0 ukr d
090 _a329(477)(038)
_bХ97
942 _cBK
040 _aUA-OsUOA
_bukr
_cUA-OsUOA
_dUA-OsUOA
245 _aХто є хто. Партії та політики
_cБолгов В.
300 _a208 с.
955 _a2
041 _aukr
080 _a329(477)(038)
020 _a966-7953-27-0
260 _aК.
_c2003
250 _nВипуск 2
650 7 _a32 Політика
_2UDC
999 _c353959
_d353959